| 000 | 01881nam a22002537a 4500 | ||
|---|---|---|---|
| 999 |
_c59686 _d59686 |
||
| 003 | Ge_BSU | ||
| 005 | 20230403103427.0 | ||
| 008 | 230403s2021 ge ||||| |||| 00| 0 geo d | ||
| 020 | _a9789941088773 | ||
| 041 | _ageo | ||
| 080 | _a28–24 ც-98 | ||
| 245 |
_aცხოვრების კრიტერიუმები : _bმუჰამმედ შუამავლისგან : 250 ჰადისის თარგმანი და კომენტარები / _cთარგმნა ნინო ჩოგაძემ ; მთავარი რედაქტორი ზურაბ მიქელაძე ; თეოლოგიური რედაქტორი: გელა გოგიტიძე, უშანგი ბოლქვაძე. |
||
| 264 |
_aბათუმი : _bერქამი, _c2021. |
||
| 300 |
_a600 გვ.; _b24 სმ. |
||
| 500 | _aწიგნი გამოცემულია საქართველოს ახალგაზრდებზე დახმარების ასოციაციის მიერ, სრულიად საქართველოს მუსლიმთა სამმართველოს რეკომენდაციით. | ||
| 653 | _aმუჰამედის ცხოვრება | ||
| 653 | _aისლამი | ||
| 653 | _aრელიგია | ||
| 700 |
_aჩოგაძე, ნინო _eმთარგმნელი _917422 |
||
| 700 |
_aმიქელაძე, ზურაბ _eმთავარი რედაქტორი _917423 |
||
| 700 |
_aგოგიტიძე, გელა _eთეოლოგიური რედაქტორი _917424 |
||
| 700 |
_aბოლქვაძე, უშანგი _eთეოლოგიური რედაქტორი _917425 |
||
| 942 |
_2udc _cBK |
||